Buchstaben mit denen kein Bundesland beginnt - Statistiken

Allgemein
  • Dieses Quiz wurde 114 mal gespielt
  • Das Durchschnittsergebnis liegt bei 17 aus 19
Antwortstatistiken
Antwort % Korrekt
E
100%
G
98%
I
98%
J
98%
C
97%
D
97%
F
96%
Q
96%
K
95%
O
95%
A
94%
L
94%
P
94%
X
86%
Y
84%
Z
83%
U
82%
W
79%
V
78%
Keine übereinstimmenden Quizze gefunden
Verteilung der Resultate
Anzahl Personen mit jedem Resultat
Perzentil nach korrekt beantworteten Fragen
Ihre Resultats-Entwicklung
Sie haben dieses Quiz noch nicht gespielt